00375nam a2200109Ia 4500008004100000082000800041100001700049245007900066942000600145952009900151999001500250240331s9999 xx 000 0 und d bLAK aLakshmi, C.S 0aSolatha kathaikal :bvaai moli varalattu payilarankil pennkalin pathivukal cL 001040708LaWERCLbWERCLcSSCd2024-03-31l0o 894.811 LAKp4643r2024-03-31w2024-03-31yL c4340d4340